000 00805nam a2200241 i 4500
001 60542
003 ES-MaACL
005 20230906164244.0
007 t|
008 031105s1970 sp ||||1| spa d
100 1 _aEscolar Sobrino, Hipólito.
_947607
245 1 0 _aMárquetin para bibliotecarios /
_cHipólito Escolar Sobrino.
260 _aMadrid :
_bAsociación Nacional de Bibliotecarios, Archiveros y Arqueólogos,
_c[1970]
300 _a121 p. ;
_c18 cm.
490 1 _aBiblioteca profesional de ANABAD. III ;
_v1
500 _aIndice.
500 _aDed. autógr. del autor.
504 _aBibliografía.
650 4 _aBibliotecas-
_xMarketing.
_9156578
830 0 _aBiblioteca profesional de ANABAD. III ;
_v1
_9230561
852 _aES-MaACL
_jL-10919
_bR.111300
999 _c60542
_d60542